Computer organization and design/ (Record no. 11289)

MARC details
000 -LEADER
fixed length control field 00726 a2200217 4500
010 ## - LIBRARY OF CONGRESS CONTROL NUMBER
LC control number ENG-89756
020 ## - INTERNATIONAL STANDARD BOOK NUMBER
International Standard Book Number 8120335110
Terms of availability 425.00
035 ## - SYSTEM CONTROL NUMBER
System control number EN-73289
037 ## - SOURCE OF ACQUISITION
Source of stock number/acquisition DBAD / PUB
082 14 - DEWEY DECIMAL CLASSIFICATION NUMBER
Classification number 621.395
090 ## - LOCALLY ASSIGNED LC-TYPE CALL NUMBER (OCLC); LOCAL CALL NUMBER (OCLC)
-- 11606
-- 11606
100 1# - MAIN ENTRY--PERSONAL NAME
Personal name Chaudhuri, P. Pal
245 1# - TITLE STATEMENT
Title Computer organization and design/
Statement of responsibility, etc by P.Pal Chaudhuri
250 ## - EDITION STATEMENT
Edition statement 3rd ed
260 ## - PUBLICATION, DISTRIBUTION, ETC. (IMPRINT)
Place of publication, distribution, etc New Delhi
Name of publisher, distributor, etc Prentice-Hall of India
Date of publication, distribution, etc 2008
270 ## - ADDRESS
Address M-97, Connaught Circus,
City New Delhi
State or province Delhi
Postal code 110001
300 ## - PHYSICAL DESCRIPTION
Extent xvii, 897p.
Dimensions 24cm. (Pbk)
500 ## - GENERAL NOTE
General note Includes bibliographical references & index.
942 ## - ADDED ENTRY ELEMENTS (KOHA)
Institution code [OBSOLETE] dpl
Koha item type English Books
Call number prefix 621.395 / CHA
Holdings
Withdrawn status Lost status Source of classification or shelving scheme Damaged status Not for loan Collection code Home library Current library Source of acquisition Cost, normal purchase price Total Checkouts Full call number Barcode Date last seen Copy number Uniform Resource Identifier Cost, replacement price Price effective from Koha item type
    Dewey Decimal Classification   Not For Loan Non-fiction D.B.Act.Division D.B.Act.Division DBAD/PUB 425.00   621.395 CHA EN-73289 15/09/2008 1 12399 425.00 15/09/2008 English Books

© Delhi Public Library
Hit Counter
free hit counter